| 000 | 01962nam a22003737a 4500 | ||
|---|---|---|---|
| 001 | 101053 | ||
| 003 | KnowledgeUnlatched | ||
| 005 | 20210303105215.0 | ||
| 006 | m o d | ||
| 007 | cr u|||||||||| | ||
| 008 | 210129p20182019xxu o u00| u eng d | ||
| 037 | _5BiblioBoard | ||
| 245 | 0 | 0 |
_aShelter from the Holocaust _bRethinking Jewish Survival in the Soviet Union / _cMark Edele, Atina Grossman, Sheila Fitzpatrick. |
| 020 | _a9780814342671 | ||
| 029 | 1 | _ahttps://library.biblioboard.com/ext/api/media/59eaea52-7cd5-406b-a717-944449443c5f/assets/thumbnail.jpg | |
| 040 |
_aScCtBLL _cScCtBLL |
||
| 506 | 0 |
_aAccess copy available to the general public. _fUnrestricted _2star |
|
| 700 | 1 |
_aEdele, Mark _eeditor. |
|
| 700 | 1 |
_aGrossman, Atina _eeditor. |
|
| 700 | 1 |
_aFitzpatrick, Sheila _eeditor. |
|
| 264 | 1 | _bWayne State University Press, | |
| 300 | _a1 online resource (316 p.) | ||
| 520 | _aShelter from the Holocaust came to fruition as the result of the opening of formerly classified Soviet and Polish archives, determined efforts to interview the last remaining Holocaust survivors, and the growing interest in the histories of displaced persons and migration. Scholars of eastern European history and Holocaust studies, as well as those with an interest in refugee and migration issues, will appreciate this overview. | ||
| 588 | 0 | _aDescription based on print version record. | |
| 590 | _aKU Select 2017: Front list Collection | ||
| 650 | 7 |
_aHistory / Holocaust _2bisacsh |
|
| 650 | 0 | _aHistory | |
| 655 | 0 | _aElectronic books. | |
| 758 |
_iIs found in: _aKnowledge Unlatched _1https://openresearchlibrary.org/module/2774bc74-146a-484f-a7ba-ab1d6a09bbfb |
||
| 856 | 4 | 0 |
_uhttps://openresearchlibrary.org/content/59eaea52-7cd5-406b-a717-944449443c5f _zView this content on Open Research Library. _70 |
| 999 |
_c27189 _d27189 |
||